00841nam a2200181Ia 4500003000900000008004100009040001300050040001300063041000800076100002100084245015200105300000800257490000600265600018700271942000700458999001300465952018100478IT-RoPAU120407s9999 xx 000 0 und d aIT-RoPAU cIT-RoPAU aita aGiovanni Rinaldi aIl Nuovo Testamento commentato. Ed.It. del Regensburger NeuesTestament. diretto da A. Wikenhauser e Otto Kuss. a cura di Giovanni Rinaldi . 11voll. c cm v1 a"1. L’Evangelo secondo Matteo. 2. L’Evangelo secondo Marco. 3. L’Evangelo secondo Luca. 4. L’Evangelo secondo Giovanni. 5 Atti degli Apostoli. 6,1. Lettera ai Romani I(1) " cBK c436d436 00102ddc406220_46000000000000071aPAULUSbPAULUSd2012-04-11l0o220.46r2012-04-11 00:00:00w2012-04-11yBKzInserito da: In data: n.d. fondo: Via A.Severo 56 Progr:13576